Call Your Mom - Noah Kahan (All Lyrics) - Statistics

General Stats
  • This quiz has been taken 148 times
  • The average score is 287 of 321
Answer Stats
Lyrics % Correct
a
100%
I
100%
you
100%
your
100%
be
98%
call
98%
don't
98%
Don't
98%
mom
98%
are
96%
All
95%
all
95%
can
95%
drive,
95%
drive
95%
love,
95%
me
95%
me?
95%
night
95%
So
95%
where
95%
you're
95%
exactly
94%
I'll
94%
lights
94%
of
94%
on
94%
this
94%
this,
94%
to
94%
been
93%
darkness
93%
fool
93%
in
93%
let
93%
off
93%
turned
93%
I've
92%
Oh,
92%
yourself
92%
discouraged
91%
Jesus
91%
soul
91%
with
91%
fall
89%
for
89%
If
89%
if
89%
reason
89%
stay,
89%
stay
89%
The
89%
the
89%
won't
89%
dear,
88%
give
88%
Medicate,
87%
wanna
87%
another
86%
punch,
86%
Throw
86%
it
85%
save
85%
breathin'
84%
mile
84%
again
82%
meditate,
82%
and
81%
no
81%
get
79%
go
79%
out
79%
never
78%
any
76%
cancel
75%
chance
75%
like
75%
plans
75%
see
75%
wonderin'
75%
that
74%
'Til
74%
line
73%
make
73%
without
73%
'Cause
72%
But
71%
knowin'
71%
them
71%
could
69%
had
69%
moment
69%
afraid
68%
most
68%
spiralin'
68%
swear
68%
told
68%
tried
68%
before
67%
right
67%
Waiting
66%
ends
65%
place
65%
room,
65%
stand
65%
entire
64%
hands
61%
loudest
59%
silence
59%
fears
58%
Stayed
58%
greatest
48%
wringing
48%
Just
38%
you'd've
31%
No matching quizzes found
Score Distribution
Percent of People with Each Score
Percentile by Number Answered
Your Score History
You have not taken this quiz